000 01405cam a2200385Ma 4500
001 820106991
003 OCoLC
005 20241114192123.0
008 121120s2013 nyu 001 0 eng d
015 _aGBB2B9151
_2bnb
016 7 _a016218708
_2Uk
020 _a9780071590754 (pbk.)
035 _a(OCoLC)820106991
_z(OCoLC)806017859
040 _aUKMGB
_beng
_cUKMGB
_dOCLCO
_dBTCTA
_dBDX
_dYDXCP
049 _aYYEA
_aVZYM
080 _a617.3
_bC-95
096 _aWE 168 C9762 2014
245 0 0 _aCurrent diagnosis & treatment: orthopedics
_cedited by Harry B. Skinner.
250 _a5th ed.
260 _aNew York :
_bMcGraw-Hill Medical ;
_aLondon :
_bMcGraw-Hill [distributor],
_c2014.
300 _aviii, 663 p. :
_b ill. ;
_c 23 cm.
365 _b26.78 usd
500 _aPrevious ed.: New York; London: Lange Medical/McGraw-Hill, 2006.
500 _aEINSTEIN & MMC: available online via AccessMedicine. See Reference staff for assistance.
500 _aMMC: available online via AccessSurgery. See staff for assistance.
504 _aIncludes bibliographical references and index.
590 _ac.1 10066767 Ritt 9/11/13 $85.00.
650 2 _aOrthopedics.
650 2 _aOrthopedic Procedures.
653 _aორთოპედია
700 1 _aSkinner, Harry B.
710 2 _aAccessMedicine (Online Service)
710 2 _aAccessSurgery (Online Service)
942 _2udc
_cBK
_e5
999 _c22
_d22